| 000 | 00455nam a2200181Ia 4500 | ||
|---|---|---|---|
| 008 | 240925s9999 xx 000 0 und d | ||
| 020 | _a9788120352292 | ||
| 082 | _a657 SOF | ||
| 100 | _aSofat, Rajni ; Hiro, Preeti | ||
| 245 | 0 | _aBasic Accounting | |
| 250 | _a3rd | ||
| 260 |
_aNew Delhi: _bPHI learning Pvt Ltd _c,2016. |
||
| 300 |
_a642p. _b0 _fOriginal |
||
| 500 | _aIncludes Index | ||
| 600 | _aManagement | ||
| 650 | _aAccounting | ||
| 942 | _cBK | ||
| 999 |
_c16065 _d16065 |
||